Anatomie: osteologie - Statistiques

Statistiques générales
  • Ce quiz a été pris 3 142 fois
  • Le résultat moyen est 7 sur 12
Statistiques - réponses
Par images Réponse % Correct
femur
94%
humerus
85%
scapula
78%
ulna
72%
patella
65%
sacrum
63%
cotes
62%
fibula
60%
scaphoide
42%
talus
42%
atlas
34%
os hyoide
33%
Aucun quiz correspondant
Distribution des résultats
% des personnes avec chaque résultat
Percentile par nombre de réponses
Votre historique - résultats
Vous n’avez pas pris ce quiz